000 00631nam a2200193Ia 4500
005 20250507130207.0
008 008 250505s9999 xx 000 0 eng d
037 _aSeries Article
040 _aEASL
_beng
_cEASL
041 _aeng
_2eng
084 _qEASL
100 _aWu Ka-Ming
_9668741
245 0 _aTradition revival with socialist characteristiics:Propaganda storytelling turned spiritual service in rural yan'an
260 _aAustralia
_bCanberra Australian National University Australia
_c2011
300 _a101-117
650 _aReligion; Taiwan
_9755035
942 _cSRA
999 _c1318248
_d1318248